Normal view MARC view
  • Baker, M. Pauline.

Entry Personal Name

Number of records used in: 6

001 - CONTROL NUMBER

  • control field: 1227

003 - CONTROL NUMBER IDENTIFIER

  • control field: NUST

005 - DATE AND TIME OF LATEST TRANSACTION

  • control field: 20170519131636.0

008 - FIXED-LENGTH DATA ELEMENTS

  • fixed length control field: 170519|| aca||aabn | a|a d

040 ## - CATALOGING SOURCE

  • Original cataloging agency: NUST
  • Transcribing agency: NUST

100 ## - HEADING--PERSONAL NAME

  • Personal name: Baker, M. Pauline.

670 ## - SOURCE DATA FOUND

  • Source citation: Work cat.: (NUST)24439: Hearn, Donald. 1224, Computer graphics, C version /, c1997.
© 2023 Central Library, National University of Sciences and Technology. All Rights Reserved.